| 000 | 00587nam a22001937a 4500 | ||
|---|---|---|---|
| 999 |
_c11250 _d11250 |
||
| 003 | AR-CdUCM | ||
| 008 | 190403b ||||| |||| 00| 0 spa d | ||
| 040 |
_aMUNICIPALIDAD PROVINCIAL DEL CUSCO _cBIBLIOTECA MUNICIPAL DEL CUSCO |
||
| 082 |
_aEP / 895.1 / _bY21 |
||
| 100 |
_aYani, Wang _928523 |
||
| 245 | _aEl mundo de los niños / | ||
| 260 |
_aBeijing : _bEdiciones en lenguas extranjeras, _c1983. |
||
| 300 |
_a74 páginas _c26 cm. |
||
| 505 | _aContenido :Dibujos de Wang Yani. | ||
| 650 |
_aPinturas chinas _928524 |
||
| 650 |
_aArte _9561 |
||
| 942 |
_2ddc _cLIBROS |
||
| 945 | _arum | ||